Central Library OPAC University of Rajshahi

The Approach of War 1938-39 / (Record no. 42026)

MARC details
000 -LEADER
fixed length control field 00726nam a22002297a 4500
001 - CONTROL NUMBER
control field 42026
003 - CONTROL NUMBER IDENTIFIER
rucl marc code BD-RjUL
005 - DATE AND TIME OF LATEST TRANSACTION
control field 20211209053501.0
008 - FIXED-LENGTH DATA ELEMENTS--GENERAL INFORMATION
fixed length control field 160608r19681967enka|||| |||| 001 0 eng d
035 ## - SYSTEM CONTROL NUMBER
System control number (BD-RjUL)42144
040 ## - CATALOGING SOURCE
Original cataloging agency BD-RjUL
Language of cataloging eng
Transcribing agency BD-RjUL
Modifying agency BD-RjUL
041 ## - LANGUAGE CODE
Language code of text/sound track or separate title eng
082 ## - DEWEY DECIMAL CLASSIFICATION NUMBER
Edition number 23
Classification number 940.53
Author mark and year THA 1968
100 10 - MAIN ENTRY--PERSONAL NAME
Personal name Thorne, Christopher
9 (RLIN) 129202
245 14 - TITLE STATEMENT
Title The Approach of War 1938-39 /
Statement of responsibility, etc. Christopher Thorne
260 ## - PUBLICATION, DISTRIBUTION, ETC. (IMPRINT)
Place of publication, distribution, etc. London :
Name of publisher, distributor, etc. Macmillan;
Place of publication, distribution, etc. New York :
Name of publisher, distributor, etc. St Martin's Press,
Date of publication, distribution, etc. c1967 [reprint 1968]
300 ## - PHYSICAL DESCRIPTION
Pagination xiv, 232 p. :
Illustrations maps,
Size 20 cm.
504 ## - BIBLIOGRAPHY, ETC. NOTE
Bibliography, etc Includes Bibliography
650 ## - SUBJECT ADDED ENTRY--TOPICAL TERM
Topical term or geographic name as entry element World War
Chronological subdivision 1938-39
9 (RLIN) 129203
830 ## - SERIES ADDED ENTRY--UNIFORM TITLE
Uniform title The Making of the Twentieth Century
942 ## - ADDED ENTRY ELEMENTS (KOHA)
Source of classification or shelving scheme Dewey Decimal Classification
Koha item type Books
Holdings
Lost status Source of classification or shelving scheme Damaged status Not for loan Collection code Permanent Location Current Location Shelving location Date acquired Source of acquisition Cost, normal purchase price Full call number Date last seen Copy number Koha item type Total Checkouts
  Dewey Decimal Classification     Non-fiction Central Library, University of Rajshahi Central Library, University of Rajshahi General Stacks 03/04/1973 Book Centre 16.50 940.53 THA 1968 09/06/2016 C-2 Books  
  Dewey Decimal Classification     Non-fiction Central Library, University of Rajshahi Central Library, University of Rajshahi   11/07/1972 Book Centre 16.50 940.53 THA 1968 09/06/2016 C-3 Books